[Event "RUS-chT"]
[Site "Sochi"]
[Date "2016.05.05"]
[Round "5.1"]
[White "Nepomniachtchi, Ian"]
[Black "Sjugirov, Sanan"]
[Result "1-0"]
[WhiteElo "2703"]
[BlackElo "2674"]
[Annotator "CB"]
[PlyCount "63"]
[EventDate "2016.05.01"]
[EventType "team-tourn"]
[EventRounds "10"]
[EventCountry "RUS"]
[SourceTitle "CBM 173"]
[Source "ChessBase"]
[SourceDate "2016.07.12"]
[SourceVersion "1"]
[SourceVersionDate "2016.07.12"]
[SourceQuality "1"]
[WhiteTeam "Moscow Legacy Square"]
[BlackTeam "Samara Zhiguli"]
[WhiteTeamCountry "RUS"]
[BlackTeamCountry "RUS"]

1. e4 e5 2. Nf3 Nf6 3. Nxe5 d6 4. Nf3 Nxe4 5. c4 Be7 6. d4 O-O 7. Bd3 Ng5 8.
Nc3 Bg4 {Diagramm [#] Dieser unschuldig wirkende Zug wird taktisch widerlegt.}
(8... Nxf3+ 9. Qxf3 Nc6 10. Be3 Bf6 11. O-O g6 12. Qf4 Bg7 13. Rad1 Ne7 14. Qh4
Bf5 15. Bh6 Bxd3 {1/2-1/2 (15) Kuczynski,R (2510)-Rozentalis,E (2600) Germany
1995}) 9. Bxg5 $1 (9. Be2 $6 Nxf3+ 10. Bxf3 Bxf3 11. Qxf3 Nc6 12. Be3 Bg5 $11 {
0-1 (87) Tseshkovsky,V (2560)-Makarichev,S (2500) Minsk 1979}) 9... Bxg5 10.
Bxh7+ $1 Kxh7 11. h4 $1 {Diagramm [#] die Pointe! Das Motiv Lxh7 nebst Sg5+
ist natürlich recht typisch, funktionierte hier aber in der Reinform nicht.
In Kombination mit h4 und Einbindung des Th1 ist es leichter zu übersehen.}
Bd2+ (11... Bxf3 12. hxg5+ Kg8 13. Qxf3 Qxg5 14. Qh3 (14. Rh5 $5 Qe7+ 15. Kd2
$18) 14... Re8+ 15. Kf1 f6 (15... Kf8 16. Qh8+ Ke7 17. Re1+) 16. Nd5 Na6 17.
Kg1 {und Weiß steht klar besser, wohl bereits auf Gewinn.}) (11... Bh6 12.
Ng5+ Qxg5 13. hxg5 Bxd1 14. Rxd1 Nd7 15. f3 $16) (11... Bxh4 12. Qd3+ Kg8 13.
Rxh4 f5 14. g3 $14) 12. Qxd2 Re8+ 13. Kf1 Bxf3 14. Qd3+ Kg8 15. Qxf3 {und
Weiß hat kompensationslos einen Bauern gewonnen - einen Vorteil, den
Nepomniatchi sicher verwertet} Nd7 16. Rd1 Qf6 17. Qxf6 Nxf6 18. f3 d5 19. c5
b6 20. cxb6 axb6 21. Kf2 b5 22. a3 b4 23. axb4 Rab8 24. b5 c6 25. Rhe1 cxb5 26.
Rxe8+ Rxe8 27. Rc1 Ra8 28. Nxb5 Ra4 29. Rc8+ Kh7 30. g4 Rb4 31. Nd6 Rxd4 32.
Kg3 1-0

[Event "Linares 13th"]
[Site "Linares"]
[Date "1995.03.16"]
[Round "12"]
[White "Ivanchuk, Vassily"]
[Black "Tiviakov, Sergei"]
[Result "1-0"]
[WhiteElo "2700"]
[BlackElo "2625"]
[Annotator "Knaak,R"]
[PlyCount "71"]
[EventDate "1995.03.01"]
[EventType "tourn"]
[EventRounds "13"]
[EventCountry "ESP"]
[EventCategory "17"]
[SourceTitle "CBM 046"]
[Source "ChessBase"]
[SourceDate "1995.06.01"]
[SourceVersion "1"]
[SourceVersionDate "1995.06.01"]
[SourceQuality "1"]

1. d4 {Dautov} Nf6 2. c4 e6 3. Nc3 Bb4 4. e3 O-O 5. Bd3 d5 6. Nf3 c5 7. O-O Nc6
8. a3 Bxc3 9. bxc3 dxc4 10. Bxc4 Qc7 11. Bb5 b6 (11... Bd7 {Dautov}) (11... Rd8
$142 $1 12. Re1 {Dautov} a6 13. Bd3 e5 14. Qc2 Bg4 15. Nxe5 Nxe5 16. dxe5 Qxe5
17. f3 Be6 18. Bf1 b5 $10 {/\Bc4, ECO}) 12. Re1 Bb7 (12... Rd8 {Dautov} 13. e4
Bb7 14. e5 Ne8 15. Qd3 $14) 13. e4 $14 Ne7 {Dieser Springerzug ist zwar
früher auch schon gespielt worden, aber mir scheint das Roß am Damenflügel
besser plaziert.} (13... e5 {Dautov} 14. d5 Ne7 15. Bg5 $14) (13... h6 {Dautov}
14. Bd3 Rfd8 15. Bb2 Ne7 16. Ne5 $14) 14. Bd3 Nd7 (14... Ng6 {Dautov} 15. Bg5
Rac8 (15... Nd7 $5) 16. Qd2 cxd4 17. cxd4 $14 {Gligoric-Andersson/Muenchen ol/
1958}) 15. g3 (15. Bg5 {Dautov} Ng6 16. g3 (16. h4 $6 Nf4 17. Bf1 h6 18. Bxf4
Qxf4 $10) 16... h6 17. Bd2 Rfd8 18. h4 $14) 15... Rfd8 (15... Rad8 $5 {Dautov}
16. Bf4 Qc8 17. a4 $14) 16. Bf4 Qc6 17. a4 $1 {Verhindert den "natürlichen
Zug" 17... Rac8 wegen 18.Bb5 mit Damegewinn.} Nf8 {Die schwarzen Springer
erzielen keine große Wirkung.} (17... a6 {Dautov} 18. Qb3 {><b6} Ng6 (18...
Rac8 $2 19. Bb5 $1 axb5 20. axb5 Qxe4 21. Rxe4 Bxe4 22. Ng5 Bf5 23. Bd6 $16)
19. Bg5 $14) 18. h4 Qe8 19. a5 {Weiß beseitigt seine Schwächen, möglich
geworden, weil kein Springer auf c6 steht.} cxd4 20. cxd4 bxa5 21. Qb3 Bc6 22.
Rxa5 {Spätestens jetzt erkennt man den deutlichen weißen Vorteil: Das
Läuferpaar gewinnt in der offeneren Stellung an Wert, der a-Bauer ist schwach
und auf der anderen Seite hat Weiß dank der Zentrumsbauern eh ein
Übergewicht.} f5 {Verständlich: Schwarz möchte sich nicht einfach
erdrücken lassen.} (22... h6 {Dautov} 23. Qa2 $16) 23. Ng5 fxe4 24. Bxe4 Nd5
$6 (24... Bxe4 25. Rxe4 Nc6 (25... Nd5 26. Nxe6) 26. Ra4 $1 {Nun ist der Pe6
verloren.} Kh8 27. Nxe6 Nxe6 28. Rxe6 $16) (24... Kh8 25. Nxe6 (25. Ra6 $5 {
und Weiß vermeidet Generalabtausch.}) 25... Nxe6 26. Qxe6 Bxe4 27. Qxe4 Nc6
28. Qxe8+ $1 (28. Ra4 Qxe4 29. Rxe4 a5 30. h5 h6 31. Be5 Rd5 32. Rc4 Ra6 {
mit unerwarteten Remischancen laut "Schach" 4/94.}) 28... Rxe8 29. Rxe8+ Rxe8
30. Rd5 {Schwarz befindet sich in einem schwierigen Endspiel, z. B.} a5 31. Rd6
Rc8 32. d5 $16) 25. Nxe6 $1 Qxe6 (25... Nxe6 26. Bxd5 $18) 26. Bxh7+ Kxh7 27.
Rxe6 Nxe6 28. Qc2+ {The point.} Kh8 29. Qxc6 Nexf4 (29... Nxd4 {Dautov} 30. Qc4
Nxf4 31. gxf4 g6 32. Qf7 $18) 30. gxf4 Rac8 (30... Nxf4 {Dautov} 31. Rf5 Ne2+
32. Kg2 Nxd4 33. Rh5+ Kg8 34. Qc4+ Kf8 35. Rh8+ Ke7 36. Qc7+ $18) 31. Qg6 Nxf4
32. Qg4 Rc1+ 33. Kh2 Rxd4 34. Rxa7 Ne6 35. Qxe6 Rxh4+ 36. Kg3 1-0

[Event "43rd Olympiad 2018"]
[Site "Batumi GEO"]
[Date "2018.09.25"]
[Round "2.21"]
[White "Mamedov, Rau"]
[Black "Brunello, S.."]
[Result "1-0"]
[WhiteElo "2699"]
[BlackElo "2552"]
[PlyCount "101"]
[EventDate "2018.09.24"]
[EventType "team"]
[EventRounds "11"]
[EventCountry "GEO"]
[SourceTitle "The Week in Chess 1247"]
[Source "Mark Crowther"]
[SourceDate "2018.10.01"]
[SourceVersion "1"]
[SourceVersionDate "2018.10.01"]
[SourceQuality "2"]
[WhiteTeam "Azerbaijan"]
[BlackTeam "Italy"]
[WhiteTeamCountry "AZE"]
[BlackTeamCountry "ITA"]

1. e4 c5 2. Nf3 d6 3. Bb5+ Nd7 4. c3 Ngf6 5. Qe2 a6 6. Ba4 e5 7. O-O Be7 8. d4
b5 9. Bc2 O-O 10. d5 Re8 11. a4 Rb8 12. axb5 axb5 13. b4 c4 14. g3 Nf8 15. Nh4
Bh3 16. Rd1 Ra8 17. Rxa8 Qxa8 18. Nf5 Bxf5 19. exf5 N8d7 20. g4 h6 21. h4 Nh7
22. f6 Bxf6 23. g5 hxg5 24. Bxh7+ Kxh7 25. hxg5 Bd8 26. Nd2 Rh8 27. Ne4 Be7 28.
g6+ fxg6 29. Qg4 Nf8 30. Bg5 Bxg5 31. Qxg5 Qc8 32. Nxd6 Qh3 33. Nf7 Qf3 34.
Qh4+ Kg8 35. Qxh8+ Kxf7 36. Ra1 Nd7 37. Qh4 Nf6 38. Qg5 Ng4 39. Ra7+ Kg8 40.
Qd8+ Kh7 41. Qh4+ Nh6 42. d6 Qd1+ 43. Kh2 Qxd6 44. Qe7 Ng4+ 45. Kg3 Qf6 46.
Qxf6 Nxf6 47. Kf3 g5 48. Ra5 g4+ 49. Kg2 Ne4 50. Rxb5 Nxc3 51. Rc5 1-0

[Event "Belgrade Investbank"]
[Site "Belgrade"]
[Date "1997.11.16"]
[Round "5"]
[White "Gelfand, Boris"]
[Black "Lautier, Joel"]
[Result "1-0"]
[WhiteElo "2695"]
[BlackElo "2660"]
[Annotator "Gelfand,B"]
[PlyCount "79"]
[EventDate "1997.11.11"]
[EventType "tourn"]
[EventRounds "9"]
[EventCountry "YUG"]
[EventCategory "18"]
[SourceTitle "CBM 062"]
[Source "ChessBase"]
[SourceDate "1998.01.31"]
[SourceVersion "1"]
[SourceVersionDate "1998.01.31"]
[SourceQuality "1"]

1. d4 {Petursson} d5 2. Nf3 e6 3. c4 dxc4 4. e3 Nf6 5. Bxc4 c5 6. O-O a6 7. e4
Nxe4 8. d5 Be7 9. Re1 $5 $146 {Shulman,Ju+Rustemov,A} (9. dxe6 Bxe6 10. Qxd8+
Bxd8 11. Bxe6 fxe6 12. Re1 Nf6 13. Rxe6+ (13. Ng5 O-O 14. Nxe6 Re8 15. Nc3 Nbd7
16. Bf4 Ba5 {1/2-1/2 Nejkirch,O-Clarke,P/Leipzig,60}) 13... Be7 14. Nc3 Nc6 15.
Bf4 O-O 16. Rae1 Rfe8 17. Ne5 Nd8 18. Rb6 Bf8 19. Kf1 Re6 20. Nc4 Rxe1+ 21.
Kxe1 Rc8 $14 {1/2-1/2 Aleksandrov,A-Sadler,M/Open, Koge DEN (09) 1997 (61)})
9... exd5 10. Qxd5 Nd6 (10... Qxd5 11. Bxd5 Nf6 12. Nc3) 11. Bd3 (11. Bb3 Be6 (
11... Nc6 12. Bg5) 12. Qxc5 Bxb3 13. axb3) (11. Qxc5 O-O 12. Bf4 Nxc4 13. Qxe7
Qxe7 14. Rxe7 Nc6 15. Rc7 Nxb2) 11... O-O (11... Be6 12. Qh5 g6 13. Qh6 $44) (
11... c4 12. Bc2 Nc6 13. Qh5 h6 14. Nc3 g6 15. Qc5 $13) 12. Bf4 Nf5 $2 (12...
Be6 13. Qh5 (13. Rxe6 fxe6 14. Qxe6+ Kh8 15. Qh3 Nf5 $1 16. Ne5 (16. Bc2 Nc6
17. Nc3 Qc8) 16... Nh4) 13... g6 14. Qh6 Ne8 15. Be4 (15. Rd1 $5) (15. Bxg6
fxg6 (15... hxg6 16. Be5 f6 17. Ng5 $18)) 15... Nc6 16. Nc3 $44) (12... Nc6 $5
{proposed after the game by V.Kramnik} 13. Rxe7 (13. Nc3 Nb4 14. Bxh7+ Kxh7 15.
Qh5+ Kg8 16. Rad1 g6 17. Qh6 Nf5 18. Rxd8 Nxh6 19. Rxc8 Raxc8 20. Rxe7 Nf5 21.
Rxb7 $15) 13... Qxe7 14. Bxd6 Rd8 15. Qxc6 Rxd6 16. Qxc5 Qd8 17. Ne1 (17. Bf1
Rd1 $40) 17... Rxd3 18. Nxd3 Qxd3 19. Nc3 Be6 20. Rd1 Qc4 21. Qb6 Qc8 $14) 13.
Nc3 $16 (13. Qxd8 Bxd8 14. Bxf5 Bxf5 15. Bd6 Ba5 $1) 13... Bf6 (13... Nd4 14.
Nxd4 cxd4 15. Qe4) (13... Be6 14. Qxd8 Bxd8 15. Bxf5 Bxf5 16. Bd6 $18) 14. Bxf5
(14. Rad1 Bxc3 15. Qxd8 Rxd8 16. Bxf5 Rf8 $1) (14. Qxd8 Rxd8 15. Bc7 Rf8 16.
Nd5 Be6 17. Nxf6+ gxf6) 14... Qxd5 15. Bxh7+ Kxh7 16. Nxd5 Nd7 (16... Be6 17.
Nc7 Ra7 18. Bd6 $18) 17. Bd6 Rd8 18. Nxf6+ (18. Be7 $5 Bxe7 (18... Rg8 19.
Nxf6+ gxf6 20. Rad1) 19. Rxe7 $16 (19. Nxe7)) 18... Nxf6 19. Bxc5 Bg4 20. Be7
Rd7 (20... Rd5 21. Bxf6 gxf6 (21... Bxf3 22. gxf3 gxf6 23. Re7 $16) 22. Re3)
21. Ng5+ Kg6 22. Bxf6 Kxf6 (22... gxf6 $5 23. Ne4 Bf5) 23. Ne4+ Kg6 24. f3 Bf5
25. Rad1 Rad8 (25... Rxd1 26. Rxd1 Bxe4 27. fxe4 Rc8 28. Rd6+ Kg5 (28... f6 29.
Rb6) 29. Rd7 Rc1+ 30. Kf2 Rc2+ 31. Kg3 Rxb2 32. Rxf7 $16) 26. Rxd7 Rxd7 27. Kf2
$18 b6 (27... Be6 28. a3 (28. Nc5 Rd2+ 29. Re2 Rxe2+ 30. Kxe2 Bxa2 31. Nxb7 $16
)) 28. Re2 Rd3 29. Re3 Rd4 30. Rb3 b5 31. Ke3 Rc4 (31... Ra4 32. Ra3 (32. a3
Bxe4 33. fxe4 $16)) 32. Rc3 Rb4 33. b3 Be6 34. g4 (34. f4) 34... a5 35. f4 (35.
Nd2) 35... Bd5 (35... Kh6 36. Nd2 g5 37. fxg5+ Kxg5 38. h3) 36. Nd2 a4 37. a3
Rxb3 38. Nxb3 axb3 39. Rc5 $4 (39. Kd2 $18) (39. Rc1 $18 {Petursson}) 39... Bc4
$4 (39... b4 $142 $3 40. Rxd5 {Petursson} (40. axb4 b2 $19) 40... bxa3 41. Rd1
b2 42. Kd3 a2 $19) 40. Kd2 1-0

[Event "Bermuda-A"]
[Site "Bermuda"]
[Date "2003.01.27"]
[Round "3"]
[White "Svidler, Peter"]
[Black "Shabalov, Alexander"]
[Result "1-0"]
[WhiteElo "2693"]
[BlackElo "2613"]
[Annotator "Wedberg,T"]
[PlyCount "109"]
[EventDate "2003.01.25"]
[EventType "tourn"]
[EventRounds "11"]
[EventCountry "BER"]
[EventCategory "15"]
[SourceTitle "CBM 094"]
[Source "ChessBase"]
[SourceDate "2003.05.26"]
[SourceVersion "1"]
[SourceVersionDate "2003.05.26"]
[SourceQuality "1"]

1. e4 e5 2. Nf3 Nc6 3. Bb5 a6 4. Ba4 Nf6 5. O-O Be7 6. Re1 b5 7. Bb3 d6 8. c3
O-O 9. h3 Na5 10. Bc2 c5 11. d4 Qc7 12. Nbd2 Rd8 {The idea behind this move is
to play d5 at some point. It is an active move that White needs to meet
carefully.} 13. b3 {Best.} cxd4 14. cxd4 Nc6 15. Bb2 exd4 16. Nxd4 Nxd4 17.
Bxd4 Be6 18. Rc1 Qa5 19. Nf1 $5 {This is the latest try in this line. White
hurries to mass his pieces against the black K.} (19. Bb1 d5 20. Bc3 Qb6 21.
Bxf6 (21. e5 Ne4) 21... Bxf6 22. e5 Bg5 23. Qe2 g6 $13 {1/2-1/2 Sendera,
J-Stempin,P/Lubniewice 2002/CBM 90 ext (29)}) (19. Nf3 d5 20. exd5 Rxd5 21.
Rxe6 fxe6 22. Qe2 Qa3 23. Bb2 Qd6 24. Bxf6 Bxf6 25. Be4 Rd8 26. Bxd5 exd5 $11 {
1/2-1/2 Grischuk,A-Iuldachev,S/Yerevan 2001/CBM 86 (38)}) 19... d5 {Black must
act or White will build an attack on the K-side.} (19... Qxa2 $4 20. Ra1 $18)
20. e5 Ne4 21. f3 Rac8 {Black fights for the initiative with a piece sacrifice.
} 22. fxe4 $5 $146 (22. Qd3 g6 23. Bb1 Bb4 (23... Ba3 $5) 24. Red1 Nc3 25. a3
Bf5 26. axb4 Bxd3 27. bxa5 Ne2+ 28. Kf2 Rxc1 29. Bxd3 Rxd1 30. Kxe2 $14 {
1/2-1/2 Lutz,C-Iuldachev,S/Yerevan 2001/CBM 86 (53). (53)}) 22... Ba3 $1 23.
exd5 (23. b4 Qc7 $132) 23... Rxd5 24. Bxh7+ $1 (24. Ne3 Bxc1 25. Nxd5 Bxd5 26.
Qxc1 Rxc2 27. Qxc2 Qxe1+ $11) 24... Kxh7 25. Rxc8 Bxc8 26. Qc2+ g6 27. Bf2 $14
{White is a P up, but the position is not clear since Black has the pair of B:
s.} Qd8 28. Qe4 Bb2 29. Qf4 Be6 30. Kh2 Kg8 31. Re2 Bc3 32. Bh4 Rd4 33. Bxd8
Rxf4 34. Ng3 Rd4 35. Ne4 Ba1 36. Bf6 $16 {White has consolidated and has a
nice grip with the B on f6.} Rd5 37. Kg3 Rd4 38. Nc5 a5 39. Nxe6 fxe6 40. Rc2
a4 41. bxa4 Rxa4 42. h4 b4 43. Kf3 Bc3 44. Ke3 Ra5 45. Kd3 Kh7 46. Kc4 Kh6 47.
Be7 Ra8 48. Re2 Kh5 49. Bxb4 Bxb4 50. Kxb4 Rb8+ 51. Kc5 Ra8 52. Kb5 Rb8+ 53.
Kc6 Ra8 54. Kd7 Ra6 55. Re4 1-0

[Event "Yerevan ol (Men)"]
[Site "Yerevan"]
[Date "1996.09.23"]
[Round "7.1"]
[White "Shirov, Alexei"]
[Black "Short, Nigel D"]
[Result "1-0"]
[WhiteElo "2685"]
[BlackElo "2695"]
[Annotator "Shirov,A"]
[PlyCount "119"]
[EventDate "1996.09.15"]
[EventType "team-swiss"]
[EventRounds "14"]
[EventCountry "ARM"]
[SourceTitle "CBM 055"]
[Source "ChessBase"]
[SourceDate "1996.12.01"]
[SourceVersion "1"]
[SourceVersionDate "1996.12.01"]
[SourceQuality "1"]
[WhiteTeam "Spain"]
[BlackTeam "England"]
[WhiteTeamCountry "ESP"]
[BlackTeamCountry "ENG"]

1. e4 e6 2. d3 {No strength to move the pawn further.} Nc6 3. Nf3 e5 $5 {
This didn't come as the surprise to me as I already faced it once against
Ivanchuk (Novgorod 1994). Then I didn't get anything special from the opening
but this time I had an idea.} 4. Nc3 $1 {A novelty.} Nf6 5. g3 $14 {This is
the point. I am playing so-called 'Glek system' (e.g. 1.e4 e5 2.Nf3 Nc6 3.Nc3
Nf6 4.g3) but with one tempo up!} Bc5 6. Bg2 d6 7. O-O a6 8. Be3 Bg4 9. h3 Bxe3
10. fxe3 Bxf3 11. Rxf3 $6 {This I don't like because it spoils the
coordination of White pieces. Better would be} (11. Qxf3 $14) 11... Ne7 12. Qe2
c6 13. Raf1 h6 {A good way to use my mistake on 11th move would have been} (
13... Qb6 $5 14. Nd1 O-O-O $13) 14. d4 O-O {Again} (14... Qb6 $5 {deserved
attention. I would probably answer} 15. Qd2 $13) 15. Rxf6 $5 {Why not if he
allows me?} gxf6 16. Nd1 $1 $44 {A very impotant finesse. Only by quick
bringing the knight towards the Black king, White can create dangerous threats.
} (16. Rxf6 $6 Ng6 $15 {would not promise any real attack.}) 16... Kh8 {
Probably one of the best possible decisions. Variations like} (16... Kg7 17.
Qg4+ Ng6 18. h4 $40 Qc8 $140 19. Qf3 $1) (16... Ng6 17. Nf2) (16... f5 $2 17.
exf5 f6 18. dxe5 dxe5 19. Nc3 $16 {seem highly favourable for White.}) 17. Qh5
Ng8 18. Nf2 Qe7 19. Ng4 Kg7 20. Rxf6 $6 {There was no reason to take the queen
immediately as Black has no useful moves. Preferable would be} (20. h4 $142
Rae8 21. c3 $14) 20... Qxf6 21. Nxf6 Nxf6 22. Qf5 Rae8 23. g4 Re7 $1 {With
this precise move Black controls the d7 point and holds the game.} 24. d5 (24.
g5 Nh7 25. h4 Rg8 {doesn't promise anything.}) 24... Rc7 25. c3 Nh7 26. Kh2 c5
27. h4 Rg8 28. Bh3 Kh8 $4 {A terrible blunder.} (28... Rh8 {would probably be
enough for draw as I don't see any strong plan for White.}) 29. Qh5 $1 {
Now Black is just lost.} Kg7 (29... Rg6 30. g5 hxg5 31. Bf5 Kg7 32. hxg5 $18 {
is even a quicker story.}) 30. g5 hxg5 31. hxg5 Rd8 $8 32. Bf5 Nf8 33. Qh6+ Kg8
34. Qf6 Rdd7 {A sad necessity.} 35. Kg3 Nh7 36. Bxh7+ Kxh7 37. Kg4 b5 38. Qh6+
Kg8 39. Kf5 f6 $8 {Otherwise he gets mated.} 40. g6 $4 {Probably I should give
even three question marks to this move, made while having more than one minute
to think.} (40. gxf6 {would win very quickly e.g.} Rh7 41. Qg6+ Kf8 42. Ke6
Rcd7 43. b4 c4 44. a3 Rhf7 45. Qh6+ Kg8 46. Qh5 {and Black is in zugzwang. The
text doesn't miss the win yet but it clearly makes me waste time and energy -
something chessplayer should be always careful about.}) 40... Re7 41. Kxf6 $16
{The control ended and Short quickly played} Rcd7 {here and later on
preferring the passive defence. He could create considerable practical
problems to win had he played 41...a5 or 41...c4 trying to close the queenside.
In both cases White would only be able to win with a very concrete play - here
is a brief analysis on those tries:} (41... a5 $5 42. a4 $1 (42. Qh5 $2 a4 $10)
42... b4 (42... bxa4 43. Qh5 a3 44. bxa3 a4 45. Qd1 Ra7 46. Qe2 $18) 43. cxb4
axb4 (43... cxb4 44. Qh5 $18 {/\Qe2}) 44. b3 $1 c4 (44... Rb7 45. Qh5 c4 46.
Qe2 Rec7 (46... Rbc7 47. bxc4 Re8 48. c5 Rxc5 49. g7 $18) 47. Qg4 Rb8 48. Qe6+
Kh8 49. Qxd6 Rbc8 50. bxc4 $18) 45. bxc4 b3 (45... Rb7 46. c5 dxc5 47. Qh3 Re8
48. d6) 46. c5 b2 47. Qh1 Rb7 48. c6 b1=Q 49. Qxb1 Rxb1 50. Kxe7 $18) (41... c4
$5 {(/\ ...a5...a4)} 42. b3 $1 b4 (42... a5 43. bxc4 bxc4 44. Qh5 a4 45. Qd1
Ra7 46. Qe2 Rac7 47. Qb2 Rb7 48. Qa3 $18) (42... cxb3 43. axb3 a5 44. c4 bxc4
45. bxc4 a4 46. c5 $18) 43. bxc4 bxc3 44. Qh2 Re8 45. Kg5 $18) 42. Qh5 {
Having thought for long on move 42 I more or less found the winning plan if he
doesn't do anything. However I was still afraid of certain tricks.} Rg7 43. Qf5
Rge7 44. Kg5 Rg7 45. Qe6+ Kf8 46. Qf6+ Kg8 47. Kh6 Rge7 {Here too both pawn
moves deserved attention but probably would not save the game:} (47... a5 48.
a4 bxa4 49. Qe6+ $1 (49. Qf1 $4 Rxg6+ 50. Kxg6 Rg7+ $10) 49... Kf8 50. Qg4 $18)
(47... c4 {and now not} 48. Qe6+ $1 (48. b3 $2 b4 49. Qf1 (49. Qe6+ Kf8 50.
Qf5+ Ke8 $1 $132) 49... Rxg6+ $1 50. Kxg6 Rg7+ 51. Kh5 Rh7+ 52. Kg4 Rg7+ 53.
Kf3 Rf7+ 54. Ke2 Rxf1 55. Kxf1 bxc3 56. Ke2 cxb3 57. axb3 Kf7 58. Kd3 Ke7 59.
Kxc3 Kd7 60. Kb4 Kc7 61. Ka5 Kb7 62. b4 Ka7 63. b5 axb5 64. Kxb5 Kb7 {with
draw,but}) 48... Kf8 49. Qf5+ Kg8 (49... Ke8 50. Qf6 $18) 50. b3 b4 51. bxc4
bxc3 52. c5 c2 53. c6 $1 c1=Q 54. cxd7 Qxe3+ 55. Kh5 Qe2+ 56. Kg5 $18) 48. c4
$1 $18 {Here I again was confident that the game was won. White threatens 49.
b4!} b4 (48... bxc4 {would still require some accuracy e.g.} 49. Qf1 Rh7+ 50.
Kg5 $1 (50. gxh7+ $4 Rxh7+ $10) 50... Rh2 51. Qf5 $1 Re7 52. Kf6 Re8 53. Qd7
Rf8+ 54. Ke6 Rh6 55. Kxd6 Rxg6+ 56. Kxe5 {and White wins because of simply too
many passed pawns.}) 49. Qf3 Rb7 (49... Rh7+ 50. Kg5 $18) 50. Qd1 Rb8 51. Qa4
Rb6 52. b3 $1 {Precision is still important! Variations like} (52. g7 $2 Rb8
53. Qxa6 Rxg7 54. Qxd6 Rh7+ 55. Kg5 Rg7+ 56. Kh4 (56. Kf5 Rf8+ 57. Kxe5 $13)
56... Rf8 $1 $10 {or}) (52. a3 b3 $1 {would be very unpleasant for me facing
the second time-pressure.}) 52... Kf8 53. a3 $1 {Finally breaking the
queenside. Now I can finish the game just with hands.} bxa3 54. Qxa3 Ra7 55.
Qa1 $1 Kg8 56. Qf1 Rbb7 57. Qf6 Rd7 58. b4 cxb4 59. c5 dxc5 60. Qxe5 {And in
the view of obvious} (60. Qxe5 Rd8 61. Qe6+ Kf8 62. Qf6+ Ke8 63. g7 $18 {
Black resigned.}) 1-0